| 000 | 02360nam0a2200397 4500 | ||
|---|---|---|---|
| 001 | RU\NLR\bibl\1715089 | ||
| 005 | 20260405233131.0 | ||
| 010 |
_a978-5-89016-606-7 _9500 |
||
| 021 |
_aRU _b2010-91824 _96176 |
||
| 035 | _a(nilc)RSL-KNO-004832127 | ||
| 035 | _a(NLR Aleph) 001706103 | ||
| 090 |
_a1250856 _c1250856 |
||
| 100 | _a20101122d2010 |||y0rusy50 ca | ||
| 101 | 0 | _arus | |
| 102 | _aRU | ||
| 105 | _aa ||||||||| | ||
| 200 | 1 |
_aПрофориентация старшеклассников сельских малокомплектных школ на деятельность в агропромышленном комплексе _dCareer guidance of senior formers of country ungraded Schools to Work in Agro-Industrial Complex _eмонография _fМ. И. Старов, М. А. Данилова _gМ-во образования и науки Российской Федерации, Гос. образовательное учреждение высш. проф. образования "Тамбовский гос. ун-т им. Г. Р. Державина" _zeng |
|
| 210 |
_aТамбов _cИзд-во ТГУ _d2010 |
||
| 215 |
_a165 с. _cил., табл. _d21 |
||
| 300 | _aАвт. также на англ. яз.: M.I. Starov, M.A. Danilova | ||
| 320 | _aБиблиогр.: с. 151-165 | ||
| 510 | 0 |
_6z55790 _aCareer guidance of senior formers of country ungraded Schools to Work in Agro-Industrial Complex _zeng |
|
| 606 | 1 |
_aСельские школьники _xПрофессиональная ориентация _92533353 _3RU\NLR\auth\661500432 |
|
| 686 |
_aЧ421,6(2)202.5,0 _2rubbk |
||
| 686 | _aЧ421.202.5 | ||
| 700 | 1 |
_4070 _8rus _7ca _aСтаров _bМ. И. _cд-р пед. наук _f1940- _gМихаил Иванович _3RU\NLR\auth\7792546 _975473 |
|
| 701 | 1 |
_4070 _8rus _7ca _aДанилова _bМ. А. _cканд. пед. наук _gМарина Алексеевна _3RU\NLR\auth\77106873 _989798 |
|
| 790 | 1 |
_4070 _8rus _7ca _aStarov _bM. I. _cд-р пед. наук _f1940- _gMichail Ivanovič _3RU\NLR\auth\7792548 _975475 |
|
| 790 | 1 |
_4070 _8rus _7ba _aDanilova _bM. A. _cканд. пед. наук _gMarina Alekseevna _3RU\NLR\auth\77106889 _989814 |
|
| 801 | 0 |
_aRU _bRuMoRKP _c20101122 _grcr |
|
| 801 | 1 |
_aRU _bRuMoRGB _c20101122 |
|
| 801 | 2 |
_aRU _bNLR _c20101216 _grcr |
|
| 942 | _cBOOK | ||
| 980 | _aNB | ||
| 980 | _aNBR | ||